000 02835nam a2200325 i 4500
003 OSt
005 20260420112533.0
008 260420s2025 enka erb 001 0 eng d
020 _a9781035415724
_cRM 82.40
_qpaperback
040 _aPPAK
_beng
_cPPAK
_erda
082 0 4 _223
_a616.4624
090 0 0 _a616.4624
_bCAV
_dG
100 1 _aCavan, David,
_cDr.,
_eauthor.
245 1 0 _aManaging Type 2 Diabetes /
_cDR DAVID CAVAN
246 1 4 _aManaging type 2 diabetes :
_ba guide to reducing symptons and improving your health
264 1 _aLondon :
_bHeadline Home,
_c[2025]
300 _a18 pages :
_billustrations ;
_c20 cm
336 _atext
_2rdacontent
337 _aunmediated
_2rdamedia
338 _avolume
_2rdacarrier
500 _aIncludes bibliographical references and index.
505 0 _aSection 1. What is Type 2 diabetes? -- A history of diabetes -- What are the implications of a diagnosis of Type 2 diabetes -- Section 2. A new lifestyle to manage glucose levels -- Diet principles -- The role of exercise -- The role of medication -- Losing weight the right way -- Monitoring your diabetes management -- Alternative therapies and supplements -- Section 3. Living well with Type 2 diabetes -- The link between diabetes and mental wellbeing -- The impact of diabetes on relationships and family life -- Supporting a person with diabetes -- Moving forward -- What to do when things don't go to plan -- A healthy future awaits.
520 _a"In this comprehensive introductory book for Type 2 diabetes sufferers, and those at risk of developing the condition, Dr David Cavan explains how diabetes works in the body, the potential pitfalls of living with the disease, and how to avoid, delay - or even reverse - the symptoms. Type 2 diabetes statistics make for grim reading. In the UK alone, more than 12 million people are 'at risk' of developing Type 2 diabetes. According to the WHO, the number of people in the world with the condition rose from 108 million in 1980 to 422 million in 2014. Worldwide, Type 2 diabetes is a major cause of blindness, kidney failure, heart attacks, stroke and lower limb amputation. But now for the good news. By following a mindful diet, engaging in regular physical activity, maintaining the right body weight vs. height, and avoiding tobacco use, it's possible to prevent or delay the onset of disease, and the symptoms can also be treated with medication. With regular screening, and the correct treatment for complications, those with Type 2 diabetes can hope to live a long and full life. This book will tell you everything you need to know"--
_cAmazon
650 1 0 _aType 2 diabetes.
650 2 0 _aDiabetes
650 2 0 _aDiabetes
_xCare
650 2 0 _aDiabetics
_xHealth and hygiene
650 2 0 _aDiabetics
_vLife skills guides
942 _2ddc
_cB
999 _c203931
_d203931